films par départements français #2 - Statistiques

Statistiques générales
  • Ce quiz a été pris 30 fois
  • Le résultat moyen est 4 sur 20
Statistiques - réponses
Hint Réponse % Correct
Savoie Les Bronzés Font du Ski (1979)
73%
Bouches du Rhône Bac Nord (2020)
62%
Manche Les Parapluies de Cherbourg (1964)
62%
Alpes-Maritime La Cité de la Peur (1994)
35%
Var La Piscine (1969)
35%
Corse du Sud Un Moment d'égarement (2015)
27%
Pyrénées-Atlantique Le Ciel, les oiseaux et... ta mère ! (1999)
23%
Eure Le Trou Normand (1952)
23%
Drôme Je vous trouve très beau (2005)
15%
Vaucluse Gazon Maudit (1995)
12%
Puy de Dôme Quand j'étais chanteur (2006)
12%
Calvados Un Singe en Hiver (1962)
12%
Gironde Dis-moi oui…(1995)
8%
Pas de Calais La Liste de mes envies (2014)
8%
Loire Atlantique La Surface de Réparation (2017)
8%
Ille et Vilaine Les Beaux Gosses (2009)
8%
Seine Saint Denis Vermines (2023)
8%
Nord Le Corps de Mon Ennemi (1976)
4%
Hérault L'Emmerdeur (1973)
4%
Bas-Rhin Nid de guêpes (2002)
0%
Aucun quiz correspondant
Distribution des résultats
% des personnes avec chaque résultat
Percentile par nombre de réponses
Votre historique - résultats
Vous n’avez pas pris ce quiz